Guess the Lyrics #43 - Statistics

General Stats
  • This quiz has been taken 2,027 times
    1,247 since last reset
  • The average score is 93 of 210
Answer Stats
Answer % Correct
I
99%
you
94%
You
94%
the
91%
an
82%
me
77%
to
76%
To
76%
is
75%
your
75%
do
73%
Do
73%
in
73%
in,
73%
it
72%
on
71%
can
66%
my
65%
what
61%
She
59%
are
58%
her
56%
for
53%
like
52%
there
48%
This
45%
All
44%
all
44%
was
41%
how
40%
"Ooh,
39%
time
39%
Oh,
37%
feel"
36%
feel
36%
With
36%
with
36%
girl!
32%
girl
32%
Baby
31%
got
31%
up
31%
now!
28%
now
28%
said
27%
said,
27%
won't
26%
hand
23%
mind
22%
world
21%
Put
20%
gonna
17%
nothing
17%
Saw
15%
Turn
14%
believe
12%
People
12%
electric
9%
Electric
9%
teach
9%
standing
8%
through
7%
along
6%
eel
6%
Electric Feel - MGMT
6%
front
6%
power
6%
sea
6%
shock
6%
Shock
6%
line
5%
Making
5%
running
5%
skin
5%
Western
5%
swim
4%
Amazon
3%
change
3%
Eastern
3%
electricity
3%
receive
3%
shore
3%
circuits
2%
Plug
2%
voltage
2%
No matching quizzes found
Score Distribution
Percent of People with Each Score
Percentile by Number Answered
Your Score History
You have not taken this quiz since the last reset